| 000 | 00702nam a2200229 a 4500 | ||
|---|---|---|---|
| 005 | 20230623063553.0 | ||
| 008 | 030514s2005 mx r 000 0 spa d | ||
| 020 | _a9706416447 (10 dígitos) | ||
| 020 | _a9789706416445 (13 dígitos) | ||
| 035 | _aUPN01000124162 | ||
| 049 | _aI | ||
| 050 | 4 |
_aPZ76.3 _bM8.6 |
|
| 100 | 1 |
_aMurguía, Verónica, _d1960- _931012 |
|
| 245 | 1 | 0 |
_aNueve patas / _cVerónica Murguía ; il. de David Peon. |
| 260 |
_aMéxico : _bProgreso, _c2005. |
||
| 300 |
_a[42] p. : _bprincipalmente il. col. |
||
| 440 | 0 | _aRehilete | |
| 650 | 0 |
_aAnimales _vCuentos y leyendas _9234 |
|
| 650 | 4 |
_aCuentos infantiles mexicanos _97723 |
|
| 700 | 1 |
_aPeon, David, _eil. |
|
| 905 | _aInfantil | ||
| 999 |
_c96341 _d96341 |
||